<?xml version="1.0" encoding="UTF-8"?>
<record
    xmlns:xsi="http://www.w3.org/2001/XMLSchema-instance"
    xsi:schemaLocation="http://www.loc.gov/MARC21/slim http://www.loc.gov/standards/marcxml/schema/MARC21slim.xsd"
    xmlns="http://www.loc.gov/MARC21/slim">

  <leader>01470nab a2200253 a 4500</leader>
  <controlfield tag="003">DO-SdBNP</controlfield>
  <controlfield tag="005">20250502093428.0</controlfield>
  <controlfield tag="007">ta</controlfield>
  <controlfield tag="008">250502e2019    dr |||p|r||||||0| z spa d</controlfield>
  <datafield tag="040" ind1=" " ind2=" ">
    <subfield code="a">DO-SdBNP</subfield>
    <subfield code="b">spa</subfield>
    <subfield code="c">BNPHU</subfield>
    <subfield code="e">rda</subfield>
  </datafield>
  <datafield tag="041" ind1=" " ind2=" ">
    <subfield code="h">spa</subfield>
  </datafield>
  <datafield tag="100" ind1=" " ind2=" ">
    <subfield code="a">L&#xF3;pez Reyes, Oscar,</subfield>
    <subfield code="d">1952-</subfield>
    <subfield code="9">11261</subfield>
  </datafield>
  <datafield tag="245" ind1=" " ind2=" ">
    <subfield code="a">100 aniversario de su nacimiento : </subfield>
    <subfield code="b">Casandra Damir&#xF3;n: amorosa, consejera y dominicanista /</subfield>
    <subfield code="c">Oscar L&#xF3;pez Reyes.</subfield>
  </datafield>
  <datafield tag="264" ind1=" " ind2=" ">
    <subfield code="a">Barahona Provincia, Rep&#xFA;blica Dominicana : </subfield>
    <subfield code="b">[editor no identificado], </subfield>
    <subfield code="c">2019.</subfield>
  </datafield>
  <datafield tag="300" ind1=" " ind2=" ">
    <subfield code="a">p&#xE1;ginas 2-6.</subfield>
  </datafield>
  <datafield tag="336" ind1=" " ind2=" ">
    <subfield code="a">texto</subfield>
    <subfield code="b">txt</subfield>
    <subfield code="2">rdacontent</subfield>
  </datafield>
  <datafield tag="337" ind1=" " ind2=" ">
    <subfield code="a">sin mediaci&#xF3;n </subfield>
    <subfield code="b">n</subfield>
    <subfield code="2">rdamedia</subfield>
  </datafield>
  <datafield tag="338" ind1=" " ind2=" ">
    <subfield code="a">volumen</subfield>
    <subfield code="b">nc</subfield>
    <subfield code="2">rdacarrier</subfield>
  </datafield>
  <datafield tag="362" ind1=" " ind2=" ">
    <subfield code="a">A&#xF1;o 2, N&#xFA;m 4, enero-abril 2019.</subfield>
  </datafield>
  <datafield tag="520" ind1=" " ind2=" ">
    <subfield code="a">Hablar de Casandra Damir&#xF3;n, nacida en Barahona el 12 de marzo de 1919, es igual que mencionar los flamboyanes de Batey Central y sus frutos, la cadencia de las aguas del r&#xED;o Bir&#xE1;n, la sal mineral y el yeso, la espl&#xE9;ndida hoja de nuestras matas de pl&#xE1;tanos, la ca&#xF1;a verdinegra y los movimientos del molino en la zafra azucarera del ingenio, el viejo templo cat&#xF3;lico, la ladera de la loma del Curro, las frondosas y elevadas monta&#xF1;as del Bahoruco, el proceloso mar Caribe y la costa que nos circunda...</subfield>
  </datafield>
  <datafield tag="600" ind1=" " ind2="0">
    <subfield code="a">Damir&#xF3;n, Casandra,</subfield>
    <subfield code="d">1919-1983</subfield>
    <subfield code="9">34233</subfield>
    <subfield code="v">Publicaciones peri&#xF3;dicas </subfield>
    <subfield code="x">Aniversario</subfield>
    <subfield code="z">Rep&#xFA;blica Dominicana</subfield>
  </datafield>
  <datafield tag="773" ind1="0" ind2=" ">
    <subfield code="0">58884</subfield>
    <subfield code="9">323572</subfield>
    <subfield code="a">G&#xF3;mez, Wilson</subfield>
    <subfield code="o">2025-3889</subfield>
    <subfield code="t">Aqu&#xED; Barahona : </subfield>
    <subfield code="w">524579</subfield>
  </datafield>
  <datafield tag="942" ind1=" " ind2=" ">
    <subfield code="2">ddc</subfield>
    <subfield code="c">ISSUE</subfield>
  </datafield>
  <datafield tag="999" ind1=" " ind2=" ">
    <subfield code="c">58913</subfield>
    <subfield code="d">58913</subfield>
  </datafield>
</record>
